|
|
|
|
| LEADER |
00000nab a2200000uu 4500 |
| 001 |
vtls011148141 |
| 003 |
SK-MaSNL |
| 005 |
20260303104539.0 |
| 008 |
230121|1990 xo |||||||||||||||||slo| |
| 015 |
|
|
|a SNBRB
|
| 035 |
|
|
|a (urnnbn)urn:nbn:sk:snk:ar-a09x7o
|
| 035 |
|
|
|a (uuid)85fc5e40-17ea-4d0a-92fd-4d67bae79f27
|
| 035 |
|
|
|a urn:nbn:sk:snk-abaybi
|
| 040 |
|
|
|a SNKBUCL
|b slo
|c SNKBUCL
|e AACR2
|
| 041 |
0 |
|
|a slo
|
| 044 |
|
|
|a xo
|c SK
|
| 100 |
1 |
|
|a Orvan, Juraj
|4 aut
|9 834842
|
| 245 |
1 |
0 |
|a Súčasné poznatky z prieskumu podzemných vôd Slovenského krasu
|c Juraj Orvan, Pavel Kmeť
|
| 700 |
1 |
|
|a Kmeť, Pavel
|4 aut
|9 1119111
|
| 773 |
0 |
|
|t Vodohospodársky spravodajca
|g Roč. 33, č. 7-8 (1990), s. [234]-239
|
| 954 |
|
|
|a odborná, vedecká literatúra pôvodná (slovenská)
|2 lita
|
| 958 |
|
|
|a OND
|
| 958 |
|
|
|a EUIPO
|
| 958 |
|
|
|a article14
|
| 999 |
|
|
|c 1857230
|d 1859160
|